000 00352nam a2200133Ia 4500
005 20260328101511.0
008 260328s9999||||xx |||||||||||||| ||und||
100 _aOcampo, José Fernando
245 0 _aDominio de clase en la Ciudad Colombiana /
_cJosé Fernando Ocampo
260 _bOveja Negra
300 _a221 p.
650 _aURBANISMO
942 _cBK
999 _c9209
_d9209